000 00305nam a2200121Ia 4500
008 231120s2015 xx 000 0 und d
041 _aeng
082 _a751.42
100 _aGEOFF KERSEY
245 _aWATERCOLOUR LANDSCAPES STEP BY STEP
260 _aSEARCH PRESS
_bSEARCH PRESS
_c2015
300 _aP-160
999 _c933360
_d933360